| 000 | 01611cam a2200517Mi 4500 | ||
|---|---|---|---|
| 001 | 81185 | ||
| 005 | 20230410103647.0 | ||
| 008 | 070316s2006 fr 000 0 fre d | ||
| 010 | _a 2006543974 | ||
| 035 | _a(OCoLC)ocm71235662 | ||
| 040 |
_aDLC _cDLC _dTZT _dMUQ _dGEBAY |
||
| 020 | _a2729827498 | ||
| 020 | _a9782729827496 | ||
| 029 | 1 |
_aTZT _bJTL00184781 |
|
| 029 | 1 |
_aAU@ _b000041135969 |
|
| 029 | 1 |
_aGEBAY _b9632900 |
|
| 035 | _a(OCoLC)71235662 | ||
| 043 | _ae-yu--- | ||
| 050 | 1 | 4 |
_a300 DR 1945 _bT859g 2006 |
| 082 | 0 | 0 | _a943 |
| 049 | _aGRAL | ||
| 100 | 1 | _aTroude, Alexis. | |
| 245 | 1 | 0 |
_aGéopolitique de la Serbie / _cAlexis Troude. |
| 260 |
_aParis : _bEllipses, _cc2006. |
||
| 300 |
_a285 p. : _bmaps ; _c24 cm. |
||
| 490 | 1 | _aReference . Geopolitique | |
| 504 | _aIncludes bibliographical references (p. [265]-268). | ||
| 651 | 0 |
_aSerbia _xBoundaries. |
|
| 650 | 0 | _aNational characteristics, Serbian. | |
| 651 | 0 |
_aSerbia _xHistorical geography. |
|
| 651 | 0 |
_aSerbia _xRelations _zEurope. |
|
| 651 | 0 |
_aEurope _xRelations _zSerbia. |
|
| 650 | 0 |
_aGeopolitics _zSerbia. |
|
| 653 |
_aGeopolitics _aEastern Europe _aSerbia _aBalkan |
||
| 650 | 6 | _aSerbes. | |
| 650 | 6 |
_aGeopolitique _zSerbie. |
|
| 651 | 6 |
_aSerbie _xGeographie historique. |
|
| 651 | 6 |
_aSerbie _xFrontieres. |
|
| 651 | 6 |
_aSerbie _xRelations _zEurope. |
|
| 651 | 6 |
_aEurope _xRelations _zSerbie. |
|
| 651 | 6 |
_aSerbie _xPolitique et gouvernement _y1992- |
|
| 830 | 0 |
_aReference . _pGeopolitique. |
|
| 938 |
_aJean Touzot Libraire Editeur _bTOUZ _nJTL00184781 _c23,50 EUR |
||
| 942 |
_2lcc _cbk |
||
| 994 |
_aC0 _bDRFGD |
||
| 999 |
_c23420 _d23420 |
||